000
00271nam a2200121Ia 4500
008
191201s2004 xx 000 0 und d
100
_a
IIBF
245
0
_a
Bank Financial Management
260
_a
N.Delhi
_b
Texman
_c
2004
300
_a
381
650
_a
MBA
942
_2
ddc
_c
BK
999
_c
3908
_d
3908